[Event "XV Festival A"]
[Site "Padova ITA"]
[Date "2012.12.19"]
[Round "5"]
[White "Boscolo, Federico"]
[Black "Gallo, Enrico"]
[WhiteElo "2320"]
[BlackElo "2074"]
[Result "1/2-1/2"]
[PlyCount "103"]
[EventDate "2012.12.16"]

1. Nf3 d5 2. c4 c6 3. b3 Nf6 4. Bb2 Bg4 5. d3 g6 6. Nbd2 Bg7 7. g3 O-O 8. Bg2
c5 9. cxd5 Nxd5 10. Bxg7 Kxg7 11. Qc1 Nd7 12. O-O Rc8 13. h3 Bxf3 14. Nxf3 e6
15. Qb2+ Qf6 16. Qxf6+ Kxf6 17. Rac1 b5 18. Nd2 Ke7 19. Rfe1 f5 20. f4 N7b6 21.
a3 Rfd8 22. e4 Nf6 23. exf5 gxf5 24. Nf3 Rxd3 25. Ng5 Rd6 26. g4 h6 27. Nf3
fxg4 28. Nh4 Kf7 29. hxg4 Nxg4 30. f5 h5 31. fxe6+ Rxe6 32. Nf5 Rxe1+ 33. Rxe1
Rd8 34. Bf1 c4 35. bxc4 Nxc4 36. a4 Nce5 37. Nh6+ Kf6 38. Nxg4+ hxg4 39. Re4
Kf5 40. Rb4 Rd2 41. Bg2 bxa4 42. Rxa4 Rd7 43. Kh2 Kg5 44. Ra5 Kf4 45. Ra4+ Kg5
46. Ra5 Kf6 47. Ra6+ Kf5 48. Ra4 Rc7 49. Kg3 Rc3+ 50. Kh2 Rc7 51. Kg3 Nc4 52.
Bf1 1/2-1/2

[Event "XV Festival A"]
[Site "Padova ITA"]
[Date "2012.12.19"]
[Round "5"]
[White "Buchicchio, Alessandro"]
[Black "Kassel, Walter"]
[WhiteElo "1956"]
[BlackElo "1912"]
[Result "1/2-1/2"]
[PlyCount "93"]
[EventDate "2012.12.16"]

1. d4 Nf6 2. c4 g6 3. Nf3 Bg7 4. g3 O-O 5. Bg2 d6 6. Nc3 c5 7. O-O Nc6 8. h3
cxd4 9. Nxd4 Nxd4 10. Qxd4 a6 11. Bg5 Qa5 12. Qd2 Re8 13. Rfd1 Rb8 14. Bxf6
exf6 15. Qxd6 Be6 16. Nd5 Red8 17. Qe7 f5 18. b4 Qa4 19. Nf6+ Bxf6 20. Rxd8+
Rxd8 21. Qxf6 Rd1+ 22. Kh2 Rxa1 23. Qxa1 Qxb4 24. Qd4 Qxc4 25. Qb6 h6 26. Bxb7
Qxe2 27. Bxa6 Qxa2 28. Bb7 Qd2 29. Bc6 Qd6 30. Qb5 h5 31. Bg2 Qd2 32. Qb8+ Kh7
33. Qf4 Qxf4 34. gxf4 Kg7 35. Kg3 Kf6 36. Bc6 Ke7 37. Kf3 Kd6 38. Be8 h4 39.
Ke3 Bc4 40. f3 Ke7 41. Ba4 Bf1 42. Kf2 Bxh3 43. Bb5 f6 44. Kg1 g5 45. Kh2 g4
46. Bd3 Ke6 47. Bc4+ 1/2-1/2

[Event "XV Festival A"]
[Site "Padova ITA"]
[Date "2012.12.19"]
[Round "5"]
[White "Cardili, Mariano"]
[Black "Giuriato, Sergio"]
[WhiteElo "2126"]
[BlackElo "1959"]
[Result "1-0"]
[PlyCount "87"]
[EventDate "2012.12.16"]

1. d4 Nf6 2. c4 e6 3. Nc3 Bb4 4. e3 O-O 5. Nf3 b6 6. Bd3 Bb7 7. O-O d5 8. a3
Bxc3 9. bxc3 dxc4 10. Bxc4 c5 11. Qe2 Qc7 12. Bd3 Nbd7 13. e4 c4 14. Bc2 e5 15.
d5 Rfe8 16. Nh4 g6 17. Bg5 Nh5 18. g3 f6 19. Be3 Nc5 20. Rfd1 b5 21. Qg4 Bc8
22. Qe2 Bd7 23. d6 Qc8 24. Rd5 Ne6 25. Nf5 gxf5 26. Qxh5 Ng7 27. Qh4 Qd8 28.
Bh6 Bc6 29. Rd2 fxe4 30. Bxe4 Bxe4 31. Qxe4 Qd7 32. Bxg7 Kxg7 33. Rad1 Rad8 34.
Rd5 a6 35. Qe3 Qb7 36. d7 Re7 37. Qe4 Kh8 38. Qf5 Kg7 39. Rd6 Rf7 40. h4 b4 41.
axb4 a5 42. bxa5 Qb3 43. h5 Kg8 44. Kh2 1-0

[Event "XV Festival A"]
[Site "Padova ITA"]
[Date "2012.12.19"]
[Round "5"]
[White "Collutiis, Duilio"]
[Black "Valsecchi, Alessio"]
[WhiteElo "2495"]
[BlackElo "2422"]
[Result "1-0"]
[PlyCount "97"]
[EventDate "2012.12.16"]

1. e4 e6 2. d3 c5 3. g3 Nc6 4. Bg2 Nge7 5. Nf3 d5 6. O-O g6 7. Nbd2 Bg7 8. Re1
O-O 9. Qe2 b6 10. e5 Nf5 11. c3 f6 12. exf6 Qxf6 13. Nf1 Bd7 14. Bg5 Qf7 15.
Bf4 Rae8 16. Ne5 Nxe5 17. Bxe5 b5 18. a3 a5 19. Kh1 Bc6 20. Nd2 Qb7 21. Kg1 b4
22. axb4 axb4 23. Bxg7 Nxg7 24. d4 cxd4 25. cxd4 Bb5 26. Qe3 Nf5 27. Qe5 Qb6
28. Nb3 Nd6 29. Bh3 h5 30. Qg5 Kg7 31. Nc5 Nf7 32. Qd2 e5 33. Qxb4 Ng5 34. Bg2
Qf6 35. Qxb5 Qxf2+ 36. Kh1 Rb8 37. Qe2 Rxb2 38. Qxe5+ Kh6 39. Rg1 Nf3 40. Nd3
Nxe5 41. Nxf2 Rfxf2 42. dxe5 d4 43. Rad1 Rbd2 44. Rxd2 Rxd2 45. Re1 d3 46. Bf1
Kg7 47. e6 Kf8 48. e7+ Ke8 49. h4 1-0

[Event "XV Festival A"]
[Site "Padova ITA"]
[Date "2012.12.19"]
[Round "5"]
[White "D'Orta, Antonio"]
[Black "Baschirotto, Marco"]
[WhiteElo "1934"]
[BlackElo "1888"]
[Result "0-1"]
[PlyCount "85"]
[EventDate "2012.12.16"]

1. d4 g6 2. e4 Bg7 3. f4 d5 4. e5 c5 5. c3 cxd4 6. cxd4 Nc6 7. Be3 Nh6 8. Bb5
Bd7 9. Qe2 Rc8 10. Nc3 a6 11. Ba4 b5 12. Bb3 e6 13. Nf3 O-O 14. O-O Qb6 15.
Rad1 Na5 16. Bc2 Nc4 17. Bc1 Qc6 18. Ng5 Nb6 19. Bb1 b4 20. f5 Nxf5 21. Bxf5
exf5 22. Nb1 a5 23. Be3 h6 24. Nf3 Qe6 25. b3 Rc6 26. h4 Rfc8 27. Rc1 a4 28.
Rc5 Bf8 29. Rfc1 axb3 30. axb3 f6 31. Rxc6 Rxc6 32. Rxc6 Bxc6 33. Bf4 Nd7 34.
Qb2 Kh7 35. exf6 Nxf6 36. Ne5 Bb5 37. Qc2 Be8 38. Nd2 Qa6 39. Ndf3 Qa1+ 40. Kh2
Qc3 41. Qb1 Qc7 42. Kg1 Ne4 43. h5 {...} 0-1

[Event "XV Festival A"]
[Site "Padova ITA"]
[Date "2012.12.19"]
[Round "5"]
[White "Damia, Angelo"]
[Black "Vocaturo, Daniele"]
[WhiteElo "2281"]
[BlackElo "2521"]
[Result "0-1"]
[PlyCount "57"]
[EventDate "2012.12.16"]

1. e4 d6 2. d4 Nf6 3. Nc3 g6 4. Be2 c6 5. Be3 Bg7 6. h3 O-O 7. Qd2 b5 8. a3
Nbd7 9. g4 Nb6 10. Bh6 Nc4 11. Bxc4 bxc4 12. Bxg7 Kxg7 13. Nge2 Rb8 14. Ng3
Rxb2 15. Nd1 Rb5 16. Ne3 Qa5 17. Nxc4 Qxd2+ 18. Kxd2 Ba6 19. f4 d5 20. e5 Ne8
21. Ne3 Nc7 22. f5 c5 23. Ne2 Ra5 24. dxc5 Bxe2 25. Kxe2 d4 26. Nc4 Rxc5 27.
Kd3 Nd5 28. Kxd4 Rfc8 29. Rhf1 0-1

[Event "XV Festival A"]
[Site "Padova ITA"]
[Date "2012.12.19"]
[Round "5"]
[White "Del Monaco, Andrea"]
[Black "Rossi, Carlo"]
[WhiteElo "2247"]
[BlackElo "2286"]
[Result "1/2-1/2"]
[PlyCount "36"]
[EventDate "2012.12.16"]

1. Nf3 f5 2. g3 Nf6 3. Bg2 g6 4. O-O Bg7 5. d4 O-O 6. c4 d6 7. Nc3 Nc6 8. d5
Ne5 9. Nxe5 dxe5 10. Qb3 Kh8 11. Rd1 h6 12. c5 g5 13. Bd2 a6 14. Rac1 Qe8 15.
d6 exd6 16. cxd6 cxd6 17. Nd5 Be6 18. Nxf6 Bxf6 1/2-1/2

[Event "XV Festival A"]
[Site "Padova ITA"]
[Date "2012.12.19"]
[Round "5"]
[White "Dorigo, Tommaso"]
[Black "Parrella, Alfredo"]
[WhiteElo "1899"]
[BlackElo "2086"]
[Result "1/2-1/2"]
[PlyCount "80"]
[EventDate "2012.12.16"]

1. e4 c6 2. d4 d5 3. exd5 cxd5 4. c4 Nf6 5. Nc3 Nc6 6. Bg5 dxc4 7. Bxc4 h6 8.
Bh4 Qxd4 9. Qxd4 Nxd4 10. O-O-O e5 11. Bxf6 gxf6 12. Nd5 Bd6 13. Nxf6+ Ke7 14.
Nd5+ Kf8 15. Ne3 Bc5 16. Nf3 Nxf3 17. Rd8+ Kg7 18. Rxh8 Kxh8 19. gxf3 Bxe3+ 20.
fxe3 Kg7 21. Bd5 Rb8 22. Kd2 Bh3 23. Rc1 Rd8 24. e4 Be6 25. Ke3 Bxd5 26. Rd1 f5
27. exd5 Kf6 28. f4 e4 29. a4 b6 30. b4 Rc8 31. a5 b5 32. d6 Ke6 33. d7 Rd8 34.
Rc1 Rxd7 35. Rc6+ Rd6 36. Rc7 a6 37. Rh7 Kd5 38. Rf7 Ke6 39. Rh7 Kd5 40. Rf7
Ke6 1/2-1/2

[Event "XV Festival A"]
[Site "Padova ITA"]
[Date "2012.12.19"]
[Round "5"]
[White "Franco, Alessandro P."]
[Black "Tsalughelashvili, Lile"]
[WhiteElo "1906"]
[BlackElo "2085"]
[Result "0-1"]
[PlyCount "64"]
[EventDate "2012.12.16"]

1. e4 c6 2. Nc3 d5 3. Nf3 dxe4 4. Nxe4 Bf5 5. Ng3 Bg6 6. h4 h6 7. Ne5 Qd6 8. d4
Nd7 9. Nxg6 Qxg6 10. Bd3 Qd6 11. c3 Ngf6 12. O-O e6 13. Re1 Be7 14. Qf3 O-O-O
15. Bf4 Qd5 16. Qe2 Nb6 17. Nf5 Bf8 18. c4 Nxc4 19. Rac1 Nb6 20. Ne3 Qa5 21. a3
Rxd4 22. b4 Qxa3 23. Rxc6+ bxc6 24. Ba6+ Kd7 25. Nc2 Qa2 26. Nxd4 Qxe2 27. Nxe2
Bxb4 28. Rd1+ Nbd5 29. Be3 Kc7 30. Bd4 c5 31. Ba1 Rd8 32. Kf1 Ne3+ 0-1

[Event "XV Festival A"]
[Site "Padova ITA"]
[Date "2012.12.19"]
[Round "5"]
[White "Kasparov, Sergey"]
[Black "Dvirnyy, Danyyil"]
[WhiteElo "2475"]
[BlackElo "2537"]
[Result "1/2-1/2"]
[PlyCount "44"]
[EventDate "2012.12.16"]

1. Nf3 d5 2. b4 Bg4 3. Bb2 Nd7 4. e3 Ngf6 5. Be2 e6 6. a3 Bd6 7. h3 Bxf3 8.
Bxf3 b5 9. d3 a5 10. c4 axb4 11. cxb5 bxa3 12. Nxa3 Qb8 13. O-O O-O 14. e4 dxe4
15. Bxe4 Nxe4 16. dxe4 Rd8 17. Nc4 Bf8 18. Rxa8 Qxa8 19. Qf3 Qa4 20. Ne5 Nxe5
21. Bxe5 Qxb5 22. Bxc7 Rc8 1/2-1/2

[Event "XV Festival A"]
[Site "Padova ITA"]
[Date "2012.12.19"]
[Round "5"]
[White "Lantini, Marco"]
[Black "Buchicchio, Giancarlo"]
[WhiteElo "2186"]
[BlackElo "2069"]
[Result "1-0"]
[PlyCount "87"]
[EventDate "2012.12.16"]

1. d4 Nf6 2. c4 c5 3. d5 b5 4. Nf3 g6 5. Qc2 bxc4 6. e4 d6 7. Bxc4 Bg7 8. O-O
O-O 9. h3 Ba6 10. Na3 Nfd7 11. Bg5 Re8 12. Rfe1 Ne5 13. Nd2 Nxc4 14. Ndxc4 Bxc4
15. Nxc4 Na6 16. Rad1 Qd7 17. a3 Rab8 18. e5 dxe5 19. Nxe5 Bxe5 20. Rxe5 f6 21.
Re6 Nc7 22. Bf4 Rxb2 23. Rxe7 Rxe7 24. Qxb2 Nb5 25. Qxf6 Rf7 26. Qe5 Nd4 27.
Re1 Rf5 28. Qb8+ Rf8 29. Qd6 Qf5 30. Bg3 c4 31. Qe5 Qxe5 32. Bxe5 Nc2 33. Rc1
Nxa3 34. Bd6 Rd8 35. Bxa3 Rxd5 36. Rxc4 Ra5 37. Bb2 h6 38. Rc7 g5 39. Rg7+ Kf8
40. Rh7 Ra2 41. Bd4 a5 42. Rxh6 a4 43. Ra6 Kf7 44. Be3 1-0

[Event "XV Festival A"]
[Site "Padova ITA"]
[Date "2012.12.19"]
[Round "5"]
[White "Litrico, Paolo"]
[Black "Santolini, Luigi"]
[WhiteElo "1978"]
[BlackElo "2144"]
[Result "0-1"]
[PlyCount "66"]
[EventDate "2012.12.16"]

1. d4 Nf6 2. Nf3 e6 3. Bf4 c5 4. e3 Nc6 5. Nbd2 Be7 6. Nc4 d5 7. Nce5 cxd4 8.
exd4 Qb6 9. Rb1 O-O 10. c3 Ne4 11. Bd3 Nxe5 12. Nxe5 f6 13. Nc4 Qc6 14. Nd2 e5
15. Be3 Nxd2 16. Qxd2 e4 17. Bc2 b6 18. O-O Ba6 19. Rfe1 Rac8 20. Bf4 Qd7 21.
Qe3 Rf7 22. f3 g5 23. Bg3 f5 24. f4 g4 25. Qf2 Qd8 26. Qd2 Rc6 27. Ra1 Rg7 28.
Ba4 Rcg6 29. Bb3 h5 30. Bf2 g3 31. Be3 gxh2+ 32. Kxh2 Bh4 33. Rg1 Bg3+ 0-1

[Event "XV Festival A"]
[Site "Padova ITA"]
[Date "2012.12.19"]
[Round "5"]
[White "Milazzo, Mario"]
[Black "Bozzao, Francesco"]
[WhiteElo "2091"]
[BlackElo "1857"]
[Result "1/2-1/2"]
[PlyCount "66"]
[EventDate "2012.12.16"]

1. c4 Nf6 2. Nc3 g6 3. g3 Bg7 4. Bg2 O-O 5. e4 d6 6. Nge2 c5 7. d4 cxd4 8. Nxd4
Nc6 9. Nxc6 bxc6 10. e5 Ng4 11. exd6 exd6 12. O-O Ne5 13. Bf4 Rb8 14. Rc1 Rxb2
15. Bxe5 Bxe5 16. Bxc6 Bh3 17. Bg2 Bxg2 18. Kxg2 Bxc3 19. Rxc3 Rxa2 20. Qd4 a5
21. Rd3 Qa8+ 22. Kg1 Qc6 23. Rc1 Qc5 24. Qxc5 dxc5 25. Rd5 Rc8 26. Rb1 Rc2 27.
Ra1 Rxc4 28. Rxa5 Rc1+ 29. Kg2 c4 30. Rd7 c3 31. Raa7 c2 32. Rxf7 Rg1+ 33. Kh3
c1=Q 1/2-1/2

[Event "XV Festival A"]
[Site "Padova ITA"]
[Date "2012.12.19"]
[Round "5"]
[White "Mogranzini, Roberto"]
[Black "Massironi, Marco"]
[WhiteElo "2489"]
[BlackElo "2214"]
[Result "1-0"]
[PlyCount "121"]
[EventDate "2012.12.16"]

1. Nf3 Nf6 2. c4 g6 3. g3 Bg7 4. Bg2 O-O 5. O-O d5 6. cxd5 Nxd5 7. Nc3 Nxc3 8.
bxc3 Nc6 9. Rb1 b6 10. Qc2 Bb7 11. d3 Ne5 12. Nxe5 Bxg2 13. Kxg2 Bxe5 14. d4
Bg7 15. e4 c5 16. dxc5 bxc5 17. Be3 Rb8 18. Bxc5 Qc7 19. Be3 Rxb1 20. Rxb1 Rb8
21. c4 Qc6 22. c5 Rd8 23. Qc4 Bd4 24. Rd1 Qxe4+ 25. Kg1 e5 26. Qa4 Rc8 27. Bxd4
exd4 28. Rxd4 Qe1+ 29. Kg2 Rxc5 30. Qxa7 Qe5 31. Qd7 Rc7 32. Qd8+ Kg7 33. a4
Rc2 34. Rf4 Rc5 35. Rd4 Rc2 36. Qd7 Rc7 37. Qg4 Re7 38. h4 h5 39. Qd1 Re8 40.
Qd3 Re7 41. Rf4 Rc7 42. Qb3 Rd7 43. Qc4 Qd5+ 44. Qxd5 Rxd5 45. Kf3 Rd3+ 46. Ke2
Ra3 47. Kd2 f6 48. Kc2 g5 49. Kb2 Rd3 50. Rc4 Rf3 51. a5 Rxf2+ 52. Kb3 gxh4 53.
gxh4 Rf1 54. Ra4 Rb1+ 55. Kc4 Rb8 56. a6 Kg6 57. a7 Ra8 58. Ra5 f5 59. Ra6+ Kf7
60. Kd5 Ke7 61. Kc6 1-0

[Event "XV Festival A"]
[Site "Padova ITA"]
[Date "2012.12.19"]
[Round "5"]
[White "Mosca, Leonildo"]
[Black "Battagin, Mose'"]
[WhiteElo "2113"]
[BlackElo "1816"]
[Result "1-0"]
[PlyCount "63"]
[EventDate "2012.12.16"]

1. e4 d6 2. d4 Nf6 3. Nc3 g6 4. Be3 c6 5. Qd2 Bg7 6. Nf3 Nbd7 7. Bd3 Qc7 8. O-O
O-O 9. Rfe1 e5 10. dxe5 dxe5 11. a4 b6 12. Bh6 Nc5 13. Bxg7 Kxg7 14. Bc4 Bg4
15. Nh4 h6 16. b4 Be6 17. Qe2 Bxc4 18. Qxc4 Ne6 19. Nf3 Rac8 20. h3 Nh7 21.
Rad1 Nhg5 22. Nxg5 hxg5 23. Ne2 Rh8 24. Rd3 Qe7 25. Red1 Rhd8 26. Qc3 Qf6 27.
R1d2 Rxd3 28. Rxd3 Nf4 29. Nxf4 exf4 30. e5 Qe7 31. e6+ f6 32. Rd7 1-0

[Event "XV Festival A"]
[Site "Padova ITA"]
[Date "2012.12.19"]
[Round "5"]
[White "Petkov, Vladimir"]
[Black "Mrdja, Milan"]
[WhiteElo "2567"]
[BlackElo "2387"]
[Result "1-0"]
[PlyCount "55"]
[EventDate "2012.12.16"]

1. d4 c5 2. d5 Nf6 3. c4 e6 4. Nc3 exd5 5. cxd5 d6 6. e4 g6 7. f4 Bg7 8. Bb5+
Nfd7 9. Nf3 O-O 10. O-O Na6 11. Kh1 Nc7 12. Bd3 Rb8 13. Qe1 b5 14. f5 b4 15.
Na4 Nb6 16. Nxb6 axb6 17. Qg3 Ne8 18. Bg5 Qc7 19. Qh4 f6 20. fxg6 hxg6 21. Bd2
g5 22. Qg3 Qd7 23. h3 Rf7 24. Rf2 Re7 25. Raf1 Ra8 26. e5 Rxe5 27. Nxe5 dxe5
28. Bxg5 1-0

[Event "XV Festival A"]
[Site "Padova ITA"]
[Date "2012.12.19"]
[Round "5"]
[White "Sanchez, Joseph"]
[Black "Quaranta, Cristiano"]
[WhiteElo "2533"]
[BlackElo "2102"]
[Result "1/2-1/2"]
[PlyCount "41"]
[EventDate "2012.12.16"]

1. e4 e6 2. d4 d5 3. Nc3 Bb4 4. exd5 exd5 5. Bd3 Nc6 6. Nge2 Bg4 7. a3 Bxc3+ 8.
bxc3 Qd7 9. O-O Nge7 10. Rb1 Na5 11. f3 Bf5 12. Re1 Bxd3 13. cxd3 O-O 14. Bd2
b6 15. Nf4 Rfe8 16. Qc2 Rac8 17. Re5 c5 18. dxc5 Rxc5 19. Qd1 Ng6 20. Nxg6 hxg6
21. Rxe8+ 1/2-1/2

[Event "XV Festival A"]
[Site "Padova ITA"]
[Date "2012.12.19"]
[Round "5"]
[White "Shishkin, Vadim"]
[Black "Laketic, Gojko"]
[WhiteElo "2501"]
[BlackElo "2425"]
[Result "1/2-1/2"]
[PlyCount "35"]
[EventDate "2012.12.16"]

1. d4 Nf6 2. c4 c5 3. d5 b5 4. cxb5 a6 5. bxa6 g6 6. Nc3 Bxa6 7. e4 Bxf1 8.
Kxf1 d6 9. Nf3 Bg7 10. g3 O-O 11. Kg2 Nbd7 12. Qe2 Qc7 13. Bf4 Qb7 14. Rad1 Ng4
15. Bc1 Qa6 16. Rde1 Rfb8 17. Qxa6 Rxa6 18. Re2 1/2-1/2

[Event "XV Festival A"]
[Site "Padova ITA"]
[Date "2012.12.19"]
[Round "5"]
[White "Solomon, Kenny"]
[Black "Naumkin, Igor"]
[WhiteElo "2440"]
[BlackElo "2500"]
[Result "1/2-1/2"]
[PlyCount "80"]
[EventDate "2012.12.16"]

1. Nf3 Nf6 2. c4 e6 3. d4 b6 4. g3 Bb7 5. Bg2 Be7 6. O-O O-O 7. Re1 d5 8. cxd5
exd5 9. Nc3 Na6 10. Bf4 c5 11. e3 Ne4 12. h4 h6 13. Bf1 Nc7 14. Bh3 Ne8 15. h5
N8f6 16. Ne5 a6 17. Bf5 Nd6 18. Bc2 cxd4 19. exd4 Nde4 20. Bb3 Qc8 21. Rc1 Nxc3
22. Rxc3 Qd8 23. a3 Bd6 24. Rce3 Rc8 25. Qf3 Rc7 26. Nd3 Bc8 27. Bxd6 Qxd6 28.
Nf4 Bg4 29. Qh1 Rd8 30. Re5 Bc8 31. f3 Bb7 32. Qh2 b5 33. Qd2 Qb6 34. Kg2 a5
35. Ba2 Rdc8 36. R5e2 b4 37. axb4 axb4 38. Bb1 b3 39. Qe3 Kf8 40. Bf5 Rd8
1/2-1/2

[Event "XV Festival A"]
[Site "Padova ITA"]
[Date "2012.12.19"]
[Round "5"]
[White "Viaggi, Stefano"]
[Black "Sibilio, Mario"]
[WhiteElo "2042"]
[BlackElo "2349"]
[Result "0-1"]
[PlyCount "64"]
[EventDate "2012.12.16"]

1. d4 Nf6 2. Nf3 d6 3. Bf4 g6 4. h3 Bg7 5. e3 O-O 6. Be2 c5 7. c3 Qb6 8. Qb3
Be6 9. Qxb6 axb6 10. Na3 Nd5 11. Bg3 Nxc3 12. bxc3 Rxa3 13. Kd2 Nc6 14. Rhb1
Rfa8 15. Rxb6 Na5 16. Bh4 Nb3+ 17. axb3 Rxa1 18. Bxe7 R8a2+ 19. Kd3 d5 20. Rxb7
h6 21. Rb8+ Kh7 22. Bxc5 Bf5+ 23. e4 dxe4+ 24. Ke3 exf3 25. Kxf3 Rc1 26. d5
Rxc3+ 27. Be3 Bd4 28. Rb7 Bxe3 29. fxe3 Rcc2 30. e4 Rxe2 31. exf5 Rf2+ 32. Ke4
Rxf5 0-1

[Event "XV Festival A"]
[Site "Padova ITA"]
[Date "2012.12.19"]
[Round "5"]
[White "Zuttioni, Federico"]
[Black "De Santis, Alessio"]
[WhiteElo "2001"]
[BlackElo "2281"]
[Result "0-1"]
[PlyCount "74"]
[EventDate "2012.12.16"]

1. e4 c5 2. Nf3 e6 3. d4 cxd4 4. Nxd4 a6 5. Nc3 Qc7 6. g3 Nc6 7. Bg2 h5 8. Bg5
f6 9. Be3 b5 10. Nxc6 Qxc6 11. O-O Bb7 12. Ne2 h4 13. Nd4 Qc7 14. Qg4 g5 15.
Rfd1 hxg3 16. hxg3 Nh6 17. Qe2 Nf7 18. a4 b4 19. c3 Ne5 20. cxb4 Bxb4 21. Rac1
Qa5 22. f4 gxf4 23. gxf4 Ke7 24. Nb3 Qxa4 25. Nc5 Bxc5 26. Bxc5+ Kf7 27. fxe5
Rag8 28. Rd4 Qc6 29. Qd2 Ke8 30. exf6 Rh7 31. Bd6 Qb5 32. Rf1 Kf7 33. Rf2 Bc6
34. Qe2 Qg5 35. Bf4 Qh4 36. Rf3 Qh1+ 37. Kf2 Rxg2+ 0-1

[Event "XV Festival A"]
[Site "Padova ITA"]
[Date "2012.12.20"]
[Round "6"]
[White "Baschirotto, Marco"]
[Black "Del Monaco, Andrea"]
[WhiteElo "1888"]
[BlackElo "2247"]
[Result "0-1"]
[PlyCount "50"]
[EventDate "2012.12.16"]

1. d4 Nf6 2. c4 e6 3. Nf3 Bb4+ 4. Bd2 Qe7 5. a3 Bxd2+ 6. Nbxd2 d6 7. g3 e5 8.
dxe5 dxe5 9. e4 O-O 10. Bg2 Bg4 11. O-O a5 12. Qc2 Bxf3 13. Nxf3 Nc6 14. Rad1
Nd7 15. Rd2 Nc5 16. Rfd1 Rfd8 17. Rd5 a4 18. Bh3 Nb3 19. Rd7 Qf6 20. Rxd8+ Rxd8
21. Rxd8+ Qxd8 22. Bf1 g6 23. h4 Qf6 24. Kg2 Qxf3+ 25. Kxf3 Ncd4+ 0-1

[Event "XV Festival A"]
[Site "Padova ITA"]
[Date "2012.12.20"]
[Round "6"]
[White "Battagin, Mose'"]
[Black "Franco, Alessandro P."]
[WhiteElo "1816"]
[BlackElo "1906"]
[Result "0-1"]
[PlyCount "46"]
[EventDate "2012.12.16"]

1. e4 e6 2. d3 d5 3. Nd2 c5 4. Ngf3 Nc6 5. g3 Nf6 6. Bg2 Qc7 7. O-O Be7 8. Re1
O-O 9. Nf1 d4 10. e5 Nd5 11. Qe2 b6 12. N3d2 Bb7 13. f4 Rad8 14. Nf3 Rfe8 15.
h4 Bf8 16. Ng5 h6 17. Ne4 c4 18. a3 cxd3 19. Qxd3 Rd7 20. Bd2 Ne3 21. Bf3 Red8
22. Nh2 Ne7 23. g4 N7d5 0-1

[Event "XV Festival A"]
[Site "Padova ITA"]
[Date "2012.12.20"]
[Round "6"]
[White "Bozzao, Francesco"]
[Black "Buchicchio, Alessandro"]
[WhiteElo "1857"]
[BlackElo "1956"]
[Result "1/2-1/2"]
[PlyCount "65"]
[EventDate "2012.12.16"]

1. d4 Nf6 2. Nf3 d6 3. g3 g6 4. Bg2 Bg7 5. c4 O-O 6. Nc3 Nbd7 7. O-O e5 8. e4
exd4 9. Nxd4 Nc5 10. Re1 Re8 11. Nb3 Nxb3 12. Qxb3 Nd7 13. Bf4 Ne5 14. Nd5 c6
15. Bxe5 Bxe5 16. Ne3 a5 17. Rad1 Ra6 18. Qc2 Qb6 19. b3 Be6 20. Bf1 Ra7 21. a4
h5 22. Kg2 h4 23. f4 Bd4 24. Qd3 c5 25. Nd5 Bxd5 26. exd5 Raa8 27. Re2 Rxe2+
28. Bxe2 Re8 29. Qc2 Re3 30. Rd3 hxg3 31. hxg3 Qb4 32. Rxe3 Bxe3 33. Qd3
1/2-1/2

[Event "XV Festival A"]
[Site "Padova ITA"]
[Date "2012.12.20"]
[Round "6"]
[White "Buchicchio, Giancarlo"]
[Black "Bonan, Yves"]
[WhiteElo "2069"]
[BlackElo "1891"]
[Result "1-0"]
[PlyCount "37"]
[EventDate "2012.12.16"]

1. e4 d5 2. d4 dxe4 3. Nc3 Nf6 4. Bg5 Bf5 5. f3 exf3 6. Qxf3 Qc8 7. Bc4 Nc6 8.
Nge2 Bg4 9. Qe3 Bxe2 10. Bxe2 Qf5 11. O-O-O Nd5 12. Nxd5 Qxd5 13. a4 Qa5 14. d5
Nd8 15. Rhe1 f6 16. Bh5+ Nf7 17. Qe6 g6 18. Bxf6 gxh5 19. Bxh8 1-0

[Event "XV Festival A"]
[Site "Padova ITA"]
[Date "2012.12.20"]
[Round "6"]
[White "Burmakin, Vladimir"]
[Black "Codenotti, Marco"]
[WhiteElo "2558"]
[BlackElo "2362"]
[Result "1-0"]
[PlyCount "41"]
[EventDate "2012.12.16"]

1. Nf3 Nf6 2. d4 g6 3. Bf4 Bg7 4. c3 O-O 5. e3 d6 6. h3 Nc6 7. Be2 Re8 8. O-O
Bd7 9. Bh2 e5 10. Na3 exd4 11. cxd4 a5 12. Nb5 Na7 13. Nxa7 Rxa7 14. Rc1 Bc6
15. Nd2 Ne4 16. Nc4 Bh6 17. Qc2 Bd5 18. Rce1 Qh4 19. Bd3 Ng5 20. Bg3 Qh5 21.
Be2 1-0

[Event "XV Festival A"]
[Site "Padova ITA"]
[Date "2012.12.20"]
[Round "6"]
[White "D'Orta, Antonio"]
[Black "Litrico, Paolo"]
[WhiteElo "1934"]
[BlackElo "1978"]
[Result "0-1"]
[PlyCount "108"]
[EventDate "2012.12.16"]

1. d4 f5 2. Nf3 Nf6 3. Nbd2 g6 4. e3 Bg7 5. Bd3 d5 6. Ne5 Nbd7 7. Ndf3 Ne4 8.
c3 e6 9. Qa4 O-O 10. O-O c6 11. Nxc6 bxc6 12. Qxc6 Nb6 13. Ne5 Bxe5 14. dxe5
Qd7 15. Bb5 Qxc6 16. Bxc6 Rb8 17. f3 Nc5 18. b3 Bd7 19. Ba3 Rfc8 20. Bxc5 Rxc6
21. Bd4 a5 22. Rad1 Bc8 23. e4 Ba6 24. exd5 Nxd5 25. c4 Ne7 26. Ba7 Ra8 27. Rd7
Kf7 28. Be3 Bc8 29. Rd8 Bb7 30. Rd7 Bc8 31. Rd8 Rc7 32. Rfd1 Nc6 33. R8d6 Nxe5
34. Bd4 Nd7 35. f4 Ke7 36. Bb2 Kf7 37. g3 Ra6 38. R6d2 Ke8 39. Be5 Rb7 40. Bd6
Rc6 41. Ba3 a4 42. Rd3 Ra7 43. Bc1 axb3 44. axb3 Ra1 45. Kg2 Rc7 46. Kh3 Rb1
47. Ba3 Rxd1 48. Rxd1 Nc5 49. b4 Ne4 50. Rc1 Ra7 51. Bb2 Ra2 52. Bd4 Nf2+ 53.
Kh4 Nd3 54. b5 Nxc1 0-1

[Event "XV Festival A"]
[Site "Padova ITA"]
[Date "2012.12.20"]
[Round "6"]
[White "Dvirnyy, Danyyil"]
[Black "Collutiis, Duilio"]
[WhiteElo "2537"]
[BlackElo "2495"]
[Result "1/2-1/2"]
[PlyCount "25"]
[EventDate "2012.12.16"]

1. e4 e5 2. Nf3 Nc6 3. Bb5 a6 4. Ba4 d6 5. O-O Bd7 6. c3 Nf6 7. Re1 g6 8. d4 b5
9. Bb3 Bg7 10. dxe5 Nxe5 11. Nxe5 dxe5 12. Be3 Qe7 13. c4 1/2-1/2

[Event "XV Festival A"]
[Site "Padova ITA"]
[Date "2012.12.20"]
[Round "6"]
[White "Gallo, Enrico"]
[Black "Dorigo, Tommaso"]
[WhiteElo "2074"]
[BlackElo "1899"]
[Result "1-0"]
[PlyCount "87"]
[EventDate "2012.12.16"]

1. e4 Nf6 2. e5 Nd5 3. d4 d6 4. c4 Nb6 5. exd6 cxd6 6. Be3 Nc6 7. Nc3 Bf5 8.
Rc1 e6 9. b3 Be7 10. Nf3 Bf6 11. Be2 O-O 12. O-O d5 13. c5 Nc8 14. h3 h6 15.
Qd2 a6 16. Rfd1 N8e7 17. a3 Na5 18. Qa2 b5 19. Bf1 Nec6 20. Ne2 Be4 21. Nh2 b4
22. a4 h5 23. Ng3 Bg6 24. f4 h4 25. Nh1 Bh5 26. Rd2 Ne7 27. Bd3 Nac6 28. Bb1
Bg6 29. Ng4 Nf5 30. Bxf5 Bxf5 31. Nhf2 Be7 32. Rdd1 Qc7 33. Rf1 Bd8 34. Qd2 Na5
35. Qd1 Qe7 36. Nd3 Bxd3 37. Qxd3 Ra7 38. Rce1 Bc7 39. Bd2 Nc6 40. f5 Bg3 41.
f6 Qd8 42. fxg7 f5 43. gxf8=Q+ Qxf8 44. Rxe6 1-0

[Event "XV Festival A"]
[Site "Padova ITA"]
[Date "2012.12.20"]
[Round "6"]
[White "Giuriato, Sergio"]
[Black "Milazzo, Mario"]
[WhiteElo "1959"]
[BlackElo "2091"]
[Result "1/2-1/2"]
[PlyCount "55"]
[EventDate "2012.12.16"]

1. d4 f5 2. g3 Nf6 3. Bg2 g6 4. c4 Bg7 5. Nf3 d6 6. Nc3 O-O 7. O-O Qe8 8. d5
Na6 9. Nd4 Bd7 10. e4 fxe4 11. Nxe4 Nxe4 12. Bxe4 Nc5 13. Bg2 a5 14. Bg5 h6 15.
Be3 Kh7 16. Qd2 Qf7 17. f4 Qf6 18. Rae1 b6 19. Re2 Rae8 20. h3 e6 21. Nxe6 Nxe6
22. dxe6 Bxe6 23. b3 Bd7 24. Kh2 Re7 25. Rfe1 Rfe8 26. Bf2 Rxe2 27. Rxe2 Rxe2
28. Qxe2 1/2-1/2

[Event "XV Festival A"]
[Site "Padova ITA"]
[Date "2012.12.20"]
[Round "6"]
[White "Kassel, Walter"]
[Black "Viola, Enrico"]
[WhiteElo "1912"]
[BlackElo "1865"]
[Result "0-1"]
[PlyCount "70"]
[EventDate "2012.12.16"]

1. e4 c5 2. Nf3 Nc6 3. d4 cxd4 4. Nxd4 Nf6 5. Nc3 e5 6. Ndb5 d6 7. Bg5 a6 8.
Na3 b5 9. Bxf6 gxf6 10. Nd5 Bg7 11. c3 Be6 12. Nc2 O-O 13. Nce3 Ne7 14. Bd3 Rb8
15. O-O Qd7 16. f4 Bxd5 17. exd5 Qa7 18. Qf3 exf4 19. Qxf4 Nxd5 20. Qf5 Qxe3+
21. Kh1 Qh6 22. Qxd5 Rfe8 23. Rf3 Qh4 24. Raf1 Re1 25. Rxe1 Qxe1+ 26. Rf1 Qe6
27. Qc6 d5 28. Qc7 Re8 29. h3 Qe5 30. Qc6 Qe6 31. Qb7 Bf8 32. Rf5 Bd6 33. g3
Qe1+ 34. Rf1 Qxg3 35. Bxh7+ Kg7 0-1